000 00992cam a2200301 a 4500
005 20260322212034.0
008 data
010 _a 84081550
020 _a0836220625 (pbk.) :
_c{dollar}8.95
020 _a9780836220629 (pbk.) :
_c{dollar}8.95
040 _aDLC
_cDLC
_dDLC
043 _an-us---
050 0 0 _aNC1429.L32
_bA4 1984a
082 0 0 _a741.5/973
_219
099 _aLARSOG
100 1 _aLarson, Gary.
240 1 0 _aFar side.
_kSelections
245 1 4 _aThe Far side gallery /
_cGary Larson.
260 _aKansas City :
_bAndrews, McMeel & Parker,
_cc1984.
300 _a192 p. :
_ball ill. (some col.) ;
_c28 cm.
650 0 _aAmerican wit and humor, Pictorial.
740 0 _aFar side.
856 4 2 _3Publisher description
_uhttp://www.loc.gov/catdir/enhancements/fy0726/84081550-d.html
906 _a7
_bcbc
_corignew
_d2
_eopcn
_f19
_gy-gencatlg
955 _esb21 2006-09-03 to BCCD c. 2 ot
991 _bc-GenColl
_hNC1429.L32
_iA4 1984a
_p00000716960
_tCopy 1
_wBOOKS
001 data
999 _c800
_d800